00922nam a2200253 a 450000100060000000300090000600800410001502000160005604000280007208200170010010000230011724500330014026000400017330000100021359000770022365000290030065000460032965000290037565000260040465000570043094200120048799900170049995201520051612309CO-ViMGA141112s2004 ck r 000 u spa d ao0671640224 aCO-ViMGAbspacCO-ViMGA04a330.973 B17g1 aBatra, Ravi94968310aThe Great Depression of 1990 aNew York : bSimon Schuster, c1990 a235p. aForma de adquisición : Donación - - Proveedor : Dr. Rafael Salamanca14aCICLOS ECONOMICOS91755614aCONDICIONES ECONOMICAS 1981 - 198791755714aCRISIS ECONOMICAS91755814aESTADOS UNIDOS91755914aPRONOSTICO DE LA Economía EN ESTADOS UNIDOS917560 2ddccBK c23320d23320 00102ddc40708002aMEVIECARbMEVIECARd2015-12-04hVolumen. 1 | 11/jun/2009l0o330.973 B17g p12309r2015-12-04 00:00:00tEj. 1w2015-12-04yBK